| 000 | 00459 a2200109 4500 | ||
|---|---|---|---|
| 245 | _aHormones and Cell Regulation = Hormones et régulation cellulaire 5 : Procedings of the 15 th I.N.S.E.R.M. European Symposium on Hormones and Cell Regulation, held at Mont Sainte Odile, 24 - 27 septembre 1990 | ||
| 100 | _aINSERM Symposium ( 15; 1990; Sainte Odile ) | ||
| 260 | _c1990 | ||
| 300 | _aXIX - 117 p. | ||
| 999 |
_c16708 _d16708 |
||